00403nam a22001457a 4500020002200000082001200022100001800034245003000052260002800082300000800110650001700118942000700135952009800142999001700240 a978-81-7109-822-4 a232 NOL aNolan, Albert aJesus Before Christianity aMumbaibSt. Paulsc1976 a228 aJesus Christ cBK 00104070aHMIbHMIcGENd2018-04-17g110.00l0o232 NOLp024848r2018-04-17w2018-04-17yBK c20930d20930